000 00600nam a2200241 a 4500
001 0001-1405
003 ELIB.Books
008 160804 2010 eng
020 _a13:9781576583856
035 _a(ELIB.Books)0001-1560
092 _aB
_bBen
100 _aBenge, Janet.
245 _aC. S. Lewis: Master Sotryteller
260 _aWaco
_bYWAM Publishing
_c2013
300 _c20.5 Cm
500 _aTansy Kadoe
650 _aBiography
856 _nKBTS Library
_uKBTS: ELIB
942 _2ddc
_cBK
990 _a1
998 _cbat
_e2016-08-04
_mcat
_u2018-11-15
999 _c11405
_d11405